000 01125nam a22002417a 4500
005 20090121151350.0
008 090121t xxu||||| |||| 00| 0 hin d
010 _aHIN-93816
020 _c350.00
_a9788189399375
035 _aHN-66162
037 _bDBAD /PUB
040 _aDPL
_bHN
082 _a808.884
100 _933818
_aशर्मा, भँवर
245 _aएक शिक्षक के शिक्षाप्रद संस्मरण /
_cभँवर शर्मा
260 _aदिल्ली
_bसुभद्रा पब्लिशर्स एंड टिस्ट्री
_c2011
270 _aबी-216, चन्दू नगर करावल नगर रोड
_bदिल्ली
_e110094
300 _a256पृ.
_c22सेमी (सजिल्द)
_bसचित्र
650 _9697
700 _933853
942 _2ddc
_cHN
_mशर्माभँ
_h808.884
999 _c56070
_d56070